| 000 | 01128nam a22002417a 4500 | ||
|---|---|---|---|
| 005 | 20250516111806.0 | ||
| 008 | 250516b |||||||| |||| 00| 0 eng d | ||
| 020 | _a978-81-7119-339-4 | ||
| 037 | _cTB | ||
| 040 |
_aCRL _cCRL |
||
| 041 |
_2hin _ahin |
||
| 084 |
_aP 152L7 _qCRL |
||
| 100 |
_aश्रीवास्तव, रवीन्द्रनाथ _9784756 |
||
| 245 |
_aभाषाविज्ञान: _bसैद्धांतिकी चिंतन |
||
| 260 |
_aदिल्ली, भारत: _bराधाकृष्ण प्रकाशन, _c1977. |
||
| 300 | _a180पृ0 | ||
| 365 |
_b895.00 _cINR |
||
| 650 | _2भाषा | ||
| 700 |
_aमहेन्द्र _eसंपादक _9784757 |
||
| 700 |
_aसहाय, रमानाथ _eसंपादक _9784758 |
||
| 942 |
_2CC _cTB _hP 152L7 _n0 |
||
| 999 |
_c1401004 _d1401004 |
||